Poemas de Fernando Pessoa (Record no. 44895)

MARC details
000 -Etiqueta do registo
Valores 00706nam a2200229 4500
010 ## - Número ISBN
ISBN 978972401861
021 ## - Número do Depósito Legal
Número 291638/09
100 ## - Dados gerais de processamento
Dados gerais 20100923d2009 e y0pory5003 ba
101 0# - Língua de publicação
Língua por
102 ## - País de publicação
País PT
200 1# - Titulo e menção de responsabilidade
Título próprio Poemas de Fernando Pessoa
Informação de outro título ortónimo e heterónimos
-- ensino secundário
Primeira menção de responsabilidade criacão intelectual Auxília Ramos, Zaida Braga
210 #9 - Publicação
Local de publicação Porto
Nome do editor grupo porto editora ,Ideias de Ler
Data de publicação 2009
215 ## - Descrição física 
Paginação / Volumes 64 p.
Outras indicações físicas il.
Dimensões 25 cm
225 2# - Colecção 
Título próprio da colecção Resumos
675 ## - CDU
Notação 821.134.3-1Pessoa, Fernando.09(075.3)
Edição BN
Língua por
700 #1 - Autor principal
Apelido Ramos,
Nome Auxília
701 #1 - Autor co-responsavel
Apelido Braga,
Nome Zaida
Função 070
702 #1 - Autor secundário
Apelido Pessoa,
Nome Fernando,
Datas 1888-1935
Função 100
801 #0 - Fonte de origem
País PT
Agência BN
Regras de catalogação RPC
990 ## - Elementos KOHA
Tipo de documento Livro
Holdings
Aquisição Empréstimo Código de barras Cota Permissão de empréstimo Tipo de documento
Biblioteca Escolar Doutor Hernâni Cidade Biblioteca Escolar Doutor Hernâni Cidade 81026 82.09(07) AA.VV. POEM. PESS.   Livro

Powered by Koha